Statistics for Jurassic Park Dinosaurs (Hard Version)

Click here to take the quiz!

General Stats

  • This quiz has been taken 372 times
  • The average score is 5 of 7

Answer Stats

Answer% Correct
Tyrannosaurus rex
99%
Velociraptor
91%
Triceratops
81%
Brachiosaurus
71%
Dilophosaurus
52%
Gallimimus
49%
Parasaurolophus
38%

Score Distribution

Percentile by Number Answered

Percent of People with Each Score

Your Score History

You have not taken this quiz